LEADER 01138nam1-2200361---450- 001 990000886530203316 035 $a0088653 035 $aUSA010088653 035 $a(ALEPH)000088653USA01 035 $a0088653 100 $a20020118d1983----km-y0ITAy01------ba 101 $aita 102 $aIT 105 $a||||||||001yy 200 1 $a<> pensiero occidentale dalle origini ad oggi$ecorso di filosofia per i licei classici e scientifici$fGiovanni Reale, Dario Antiseri 210 $aBrescia$cLa scuola 215 $a3 v.$d24 cm 606 0 $aFilosofia$xStoria$xTesti per l'insegnamento 676 $a190.9 700 1$aREALE,$bGiovanni$0159977 701 1$aANTISERI,$bDario$053664 801 0$aIT$bsalbc$gISBD 912 $a990000886530203316 951 $aIV B 258/$bLM$cIV B 959 $aBK 969 $aUMA 979 $aPATTY$b90$c20020118$lUSA01$h1522 979 $aPATTY$b90$c20020118$lUSA01$h1523 979 $aPATTY$b90$c20020118$lUSA01$h1524 979 $c20020403$lUSA01$h1733 979 $aPATRY$b90$c20040406$lUSA01$h1701 996 $aPensiero occidentale dalle origini ad oggi$9838873 997 $aUNISA LEADER 01208nam0-2200397---450- 001 990006579760403321 005 20160405101542.0 035 $a000657976 035 $aFED01000657976 035 $a(Aleph)000657976FED01 035 $a000657976 100 $a20010426d1977----km-y0itay50------ba 101 0 $aita 102 $aIT 105 $aa-------001yy 200 1 $aVita e pensiero nell'Alto Medioevo$fa cura di Robert S.Hoyt$gtraduzione di Erica Vinay Angelini 210 $aNapoli$cLiguori$d1977 215 $a171 p., 15 c. di tav.$cill.$d22 cm 225 1 $aNuovo Medioevo$v6 454 0$12001$aLife and thought in the Early Middle Ages$956828 610 0 $aMedioevo$aVita sociale 610 0 $aMedioevo$aVita culturale 676 $a909 676 $a940.1 702 1$aHoyt,$bRobert Stuart 801 0$aIT$bUNINA$gRICA$2UNIMARC 901 $aBK 912 $a990006579760403321 952 $aCOLLEZ. 368 (6)$b5262$fFSPBC 952 $aXII A 605$b28126$fFSPBC 952 $a909 HOY 1$bST.MED.MOD. 8573$fFLFBC 952 $a940.1 HOY 1$bIst.Fil.Cl.7879$fFLFBC 959 $aFSPBC 959 $aFLFBC 996 $aLife and Thought in the Early Middle Ages$956828 997 $aUNINA LEADER 01485nam 2200421 450 001 9910479880903321 005 20170919041743.0 010 $a0-309-38130-4 035 $a(CKB)3710000000620228 035 $a(EBL)4455147 035 $a(MiAaPQ)EBC4455147 035 $a(EXLCZ)993710000000620228 100 $a20160505h20162016 uy| 0 101 0 $aeng 135 $aur|n|---||||| 181 $2rdacontent 182 $2rdamedia 183 $2rdacarrier 200 00$aAppropriate use of advanced technologies of radiation therapy and surgery in oncology $eworkshop summary /$fSharyl J. Nass and Margie Patlak, rapporteurs ; National Cancer Policy Forum, Board on Health Care Services, Institute of Medicine 210 1$aWashington, D.C. :$cThe National Academies Press,$d[2016] 210 4$dİ2016 215 $a1 online resource (111 p.) 300 $aDescription based upon print version of record. 311 $a0-309-38129-0 606 $aRadiotherapy$xData processing 606 $aOncology 608 $aElectronic books. 615 0$aRadiotherapy$xData processing. 615 0$aOncology. 676 $a616 712 02$aInstitute of Medicine.$bBoard on Health Care Services.$bNational Cancer Policy Forum, 801 0$bMiAaPQ 801 1$bMiAaPQ 801 2$bMiAaPQ 906 $aBOOK 912 $a9910479880903321 996 $aAppropriate use of advanced technologies of radiation therapy and surgery in oncology$91909417 997 $aUNINA